Movies Quiz

Random Movies or Quote Quiz

Mrs. Doubtfire Quotes Quiz Stats

 Plays Quiz not verified by Sporcle

Score 0/18 Timer 09:00
0 Plays Today
Quote Who says it % Correct
Oh, sir. I saw it! Some angry member of the kitchen staff, Did you not tip them? Oh, the terrorists! They ran that way. It was a run-by fruiting. I'll get them sir. Don't worry. Mrs Doubtfire
87.6%
The fact that Pudgy the Parrot has a cigarette shoved into his mouth is morally irresponsible!Daniel
84.3%
[shocked] The whole time? I mean the whole time? Miranda
82.1%
Yes, this is off my Mercedes.Stu
80.3%
He's half-man, half-woman. Christopher
74.2%
Mr. Hilliard, You've been able to fool a lot of people into believing that you're a 60-year-old woman, No easy task. And your little speech seemed to be very heartfelt and genuine.Judge
71.8%
Hope you have somethin' nice and warm to go home to.Bus Driver
70.2%
Mom said you couldn't have one because of your report card.Lydia
68.1%
Can't you just tell mom your sorry?Natalie
67.4%
Quote Who says it % Correct
The man has 5 o'clock shadow at 8:30am and your worried about strings.Jack
66%
Older? You mean like a Shelly Winters older, or Shirley MacLaine older? Frank
58.9%
Ma'am are you aware that its illegal to possess animals of a barnyard nature in an residentual area?Cop
53%
I have an appointment on monday and friday evenings to check the apartment.Mrs Sellner
51.7%
That's very funny. Where the hell are you going? Hey listen buddy, I'll tell you something, if you leave, you're not getting back in. I'm not taking any crap from you, pal. Lou
50.3%
Are you wearing lipstick?Jonathan Lundy
43%
She's got an awful lot of baggage though. Three kids?Ron
25.6%
Smoking or non-smoking?Maitre D'
18.6%
Well you take all these cans, you box 'em, you ship 'em. Then you box those cans over there, ship them, then more will come in. You box those, you ship those. Any questions?Tony
17.6%

You're not logged in!

Compare scores with friends on all Sporcle quizzes.
OR
Log In

Show Comments

Extras

Top Quizzes Today


Score Distribution

Your Account Isn't Verified!

In order to create a playlist on Sporcle, you need to verify the email address you used during registration. Go to your Sporcle Settings to finish the process.

Report this User

Report this user for behavior that violates our Community Guidelines.

Details: